000 00533nam a2200193Ia 4500
005 20240412150310.0
008 131103s9999 xx 000 0 und d
040 _aLoreto College
041 _aEnglish
082 _a370.1
_bMUK
100 _aMukherjee, Kartick C.
245 2 _aA Comparative Study of Some Educational Problems
_cKartick C.Mukherjee
260 _aBombay
_bLalvani
_c1972
300 _axii,500p.
504 _aIncludes appendix,bibliography & index
650 _aEducation
850 _aLCBED
942 _cBK
999 _c26583
_d77062